| 000 | 00972nam a22003017a 4500 | ||
|---|---|---|---|
| 001 | BR8304206 | ||
| 003 | BR-BrBNA | ||
| 005 | 20230928091717.0 | ||
| 007 | ta | ||
| 008 | 230509b bl.||||| |||| 00| 0 por d | ||
| 040 |
_aBR-BrBNA _bpor _cBiblioteca Nacional de Agricultura |
||
| 041 | _a(Por) | ||
| 072 |
_aL30 _b5300 _b3730 |
||
| 090 | _ 5300 BR8304206 | ||
| 100 | 1 | _aBarbosa, H.P. | |
| 110 | 1 |
_aUniversidade Federal de Vicosa, MG (Brasil) _0Tese (Doctor Scientiae) |
|
| 245 | 1 | _aExigencias nutricionais de proteina e lisina e niveis de energia digestivel para suinos na fase inicial de crescimento (5 a 15 Kg de peso vivo) | |
| 260 | 3 |
_aVicosa, MG (Brasil): _c1983. |
|
| 300 | _a114 p. | ||
| 500 | _a8 illus.; 23 tables; Bibliography p. 96-104 (101 ref.); Summary (Por) | ||
| 650 | _aSUINO | ||
| 650 | _aPROTEINA | ||
| 650 | _aLISINA | ||
| 650 | _aSUPLEMENTO ENERGETICO | ||
| 650 | _aCRESCIMENTO | ||
| 909 |
_a202309 _bLucia _c55 _dLucia Elande |
||
| 942 | _cBK | ||
| 999 |
_c35128 _d35128 |
||